Finish the Bojack Horseman Quote - Statistics

General Stats
  • This quiz has been taken 257 times
  • The average score is 21 of 37
Answer Stats
Hint Answer % Correct
You know it's funny, when you look at someone through rose-colored glasses... ...all the red flags just look like flags.
88%
See you on the other side! Oh, Bojack, no. There is no other side. This is it.
85%
You don't look so hot yourself, Herb I have cancer
80%
Life's a bitch and then you die, right? Sometimes. Sometimes, life’s a bitch and then you keep living.
80%
Is it terrifying? No, I don't think so. It's the way it is, you know. Everything must come to an end. The drip finally stops.
77%
I need to go take a shower... ... so I can't tell if I'm crying or not.
77%
What happened, Bojack? The same thing that always happens. You didn't know me, then you fell in love with me and now you know me.
77%
There are some people you can't save. 'Cause those people will thrash and struggle and try to take you down with them.
73%
You hear that, Bojack? Vincent is an adult, and I'll bet he knows how to treat a lady. He very clearly isn't and doesn't!
68%
I don’t understand how people… live. It’s amazing to me that people wake up every morning and say: ‘Yeah, another day, let’s do it.'
68%
Sometimes I feel like I was born with a leak, and any goodness I started with just slowly spilled out of me, and now it's all gone. And I'll never get it back in me. It's too late.
65%
Don't you ever stop running and don't you ever look behind you There's nothing for you behind you. All that exists, is what's ahead.
65%
Oh, she's a good girl. I can tell, she's a good girl, isn't she? Or are you a bad girl? Are you flirting with my boat right now?
64%
I just want to help you. I want to give your baby a better life. Better than what? Better than a sky full of stars?
63%
In the great grand scheme of things, we’re just tiny specks that will one day be forgotten. So, it doesn’t matter what we did in the past, or how we’ll be remembered. The only thing that matters is right now: this moment, this one spectacular moment we are sharing together. Right, Sarah Lynn? Sarah Lynn?
62%
I'm sorry. I'm not always good at using words to describe emotions. Aren't you a writer?
61%
Sorry I broke every piece of furniture you own. Will 20 dollars cover it? Don't worry about it. But yes.
61%
You're actually in a really good position now, because you can pretty much do anything you want. You're responsible for your own happiness, you know? Good Lord, that's depressing.
58%
Yeah, I don't know if the songwriters put that much thought into the existential significance of the lyrics. They literally rhyme 'about' with 'about.' But isn't the point of art less what people put into it and more what people get out of it?
57%
Well, why does anything matter, right? Love is an illusion, and happiness is fleeting, and there's no such thing as God, and all your favorite musicians beat their wives. ALLEGEDLY.
56%
The universe is a cruel, uncaring void. The key to being happy isn't to search for meaning. It's to just keep yourself busy with unimportant nonsense, and eventually, you'll be dead.
56%
Hollyhock, wait, wait, wait! I get it, it's my weight!
53%
Just be charmingly effusive. Be yourself. I can't be both of those things at once!
52%
Every stupid decision I made, every bad thing that has ever happened, it all started because of you. Grow up. You play these games, "if I hadn't done this, if I wasn't so that", but you did, and you were and here we are.
50%
Thanks for inviting me to your party. Sorry I haven't really been mingling. I get kind of awkward at parties. Have you tried alcohol?
50%
He’s so stupid, he doesn’t realize how miserable he should be. I envy that.
49%
I think you had it for a moment and then you lost it Hahaha, oh well, it was nice while it lasted, right?
48%
I know that I can be selfish and narcissistic and self-destructive, but underneath all that, deep down, I'm a good person and I need you to tell me that I'm good. Diane… tell me, please, Diane, tell me that I'm good. Hey! Aren't you the horse from Horsin' Around?
48%
But you've got the heart of a champion. I got a team of cardiologists at Cedars who say different.
46%
Laura! Clear out the rest of my day! I have to push a boulder up a hill and then have it roll over me time and time again with no regard for my well-being.
46%
Mostly I just felt old. There were all these teenagers there, twenty-somethings. I know from the outside, it might seem like I should be ready for kids, but I can't… Diane, you don't have to explain anything to anyone.
44%
That's the problem. Because he's so nice, people don't want to think he's capable of awful things. So they let him off the hook.
41%
Oh, woah! She is losing a lot of blood, Bojack. Beautiful day for a drive, though, huh?
40%
All you have to do is smile and stay upright. I don't know. It sounds like a lot of work.
37%
We have to do something before someone gets hurt. Call me four out of five dentists, because I agree.
35%
On the boat. There was a girl. In New Mexico. And she trusted me. Also, I'm a zebra.
32%
It's so cruel to let people love you. All you're doing is promising that one day you'll break their heart. Uh, cool firepit!
17%
No matching quizzes found
Score Distribution
Percent of People with Each Score
Percentile by Number Answered
Your Score History
You have not taken this quiz